Pokémon letter "A" for each type - Statistics

General Stats
  • This quiz has been taken 23 times
    17 since last reset
  • The average score is 13 of 17
Answer Stats
Type Pokemon % Correct
Flying Aerodactyl|Altaria|Archen|Archeops|Articuno
100%
Ice Abomasnow|Amaura|Arctibax|Arctovish|Arctozolt|Articuno|Aurorus|Avalugg
92%
Psychic Abra|Alakazam|Azelf
92%
Bug Accelgor|Anorith|Araquanid|Ariados|Armaldo
92%
Steel Aegislash|Aggron|Archaludon|Aron
92%
Normal Aipom|Ambipom|Arboliva|Arceus|Azurill
92%
Water Alomomola|Araquanid|Arctovish|Arrokuda|Azumarill
92%
Rock Aerodactyl|Aggron|Amaura|Anorith|Archen|Archeops|Armaldo|Aron|Aurorus
83%
Dragon Altaria|Archaludon|Arctibax|Axew
83%
Grass Abomasnow|Amoonguss|Appletun|Applin|Arboliva
75%
Dark Absol
67%
Ghost Aegislash|Annihilape
67%
Fairy Alcremie|Aromatisse|Azumarill|Azurill
67%
Poison Amoonguss|Arbok|Ariados
67%
Electric Ampharos|Arctozolt
58%
Fighting Annihilape
58%
Fire Arcanine|Armarouge
58%
No matching quizzes found
Score Distribution
Percent of People with Each Score
Percentile by Number Answered
Your Score History
You have not taken this quiz since the last reset